Top 11 University in Indonesia - Statistics

General Stats
  • This quiz has been taken 168 times
    157 since last reset
  • The average score is 10 of 13
Answer Stats
Rank Global Rank Answer % Correct
1 206 Universitas Indonesia (UI)
100%
2 239 Universitas Gadjah Mada (UGM)
96%
3 256 Institut Teknologi Bandung (ITB)
95%
7 596 Universitas Padjadjaran (UNPAD)
84%
8 721-730 Universitas Diponegoro (UNDIP)
81%
5 426 Institut Pertanian Bogor (IPB)
78%
6 585 Institut Teknologi Sepuluh Nopember (ITS)
78%
4 308 Universitas Airlangga (UNAIR)
77%
9 801-850 Universitas Brawijaya (UB)
76%
10 951-1000 Bina Nusantara University (Binus)
75%
= Universitas Sebelas Maret (UNS)
72%
11 1001-1200 Telkom University (Tel-U)
60%
= Universitas Hasanuddin (UNHAS)
52%
No matching quizzes found
Score Distribution
Percent of People with Each Score
Percentile by Number Answered
Your Score History
You have not taken this quiz since the last reset